000
00345cam a2200157ua 4500
001
6146
008
120418n II |||gr||||Z||||||asm
040
_a
MAIN
041
_a
English
082
_a
891.453 RAH
100
_a
ASOM SAHITIYA SABHA .
245
_a
RAHAR RAHDOI
260
_a
JORHAT
_b
AXOM SAHITYA SABHA
653
_a
Galpa
942
_c
BK
999
_c
6131
_d
6131